<?xml version="1.0" encoding="UTF-8"?>
<record
    xmlns:xsi="http://www.w3.org/2001/XMLSchema-instance"
    xsi:schemaLocation="http://www.loc.gov/MARC21/slim http://www.loc.gov/standards/marcxml/schema/MARC21slim.xsd"
    xmlns="http://www.loc.gov/MARC21/slim">

  <leader>02445nam a2200253Ia 4500</leader>
  <controlfield tag="003">OSt</controlfield>
  <controlfield tag="005">20210513145635.0</controlfield>
  <controlfield tag="008">210310s2013    ck aodbgr     000 0 spa d</controlfield>
  <datafield tag="020" ind1=" " ind2=" ">
    <subfield code="a">9789585754416</subfield>
  </datafield>
  <datafield tag="040" ind1=" " ind2=" ">
    <subfield code="a">CO-JMCR</subfield>
    <subfield code="c">CO-JMCR</subfield>
  </datafield>
  <datafield tag="041" ind1="0" ind2=" ">
    <subfield code="a">spa</subfield>
  </datafield>
  <datafield tag="082" ind1="0" ind2="4">
    <subfield code="a">339.95 /</subfield>
    <subfield code="b">C399a</subfield>
    <subfield code="2">23</subfield>
  </datafield>
  <datafield tag="110" ind1="2" ind2=" ">
    <subfield code="a">CEPAL</subfield>
    <subfield code="9">12984</subfield>
  </datafield>
  <datafield tag="245" ind1="1" ind2="0">
    <subfield code="a">Amazonia : </subfield>
    <subfield code="b">posible y sostenible / </subfield>
    <subfield code="c">CEPAL</subfield>
  </datafield>
  <datafield tag="260" ind1=" " ind2=" ">
    <subfield code="a">Bogot&#xE1; : </subfield>
    <subfield code="b">Naciones Unidas CEPAL, </subfield>
    <subfield code="c">2013</subfield>
  </datafield>
  <datafield tag="300" ind1=" " ind2=" ">
    <subfield code="b">256 p&#xE1;ginas : </subfield>
    <subfield code="a">ilustraciones, fotograf&#xED;as, gr&#xE1;ficas y mapas a color y blanco y negro ; </subfield>
    <subfield code="c">27 cm.</subfield>
  </datafield>
  <datafield tag="500" ind1=" " ind2=" ">
    <subfield code="a">Incluye notas a pie de p&#xE1;gina.</subfield>
  </datafield>
  <datafield tag="504" ind1=" " ind2=" ">
    <subfield code="a">Bibliograf&#xED;a: p&#xE1;gina 227-244</subfield>
  </datafield>
  <datafield tag="505" ind1="0" ind2=" ">
    <subfield code="a">La regi&#xF3;n amaz&#xF3;nica -- Presiones en la Amazonia colombiana: amenazas para la conversaci&#xF3;n -- Los caminos de la Amazonia Colombiana, escenarios y visi&#xF3;n -- El principio de precauci&#xF3;n y la Amazon&#xED;a -- Ordenamiento territorial y ambiental -- Pobladores ancestrales y conversaci&#xF3;n -- Frontera agropecuaria: territorio, poblaci&#xF3;n y producci&#xF3;n -- Conocimientos globales y locales -- Recursos fiscales y valoraci&#xF3;n econ&#xF3;mica -- Cooperaci&#xF3;n internacional al desarrollo y la Amazon&#xED;a colombiana -- Pol&#xED;ticas: inversiones estrat&#xE9;gicas e instituciones -- Informaci&#xF3;n de desarrollo social, econ&#xF3;mico e institucional</subfield>
  </datafield>
  <datafield tag="520" ind1="3" ind2=" ">
    <subfield code="a">La Amazonia est&#xE1; relacionada con el resto del pa&#xED;s, aunque en el imaginario nacional est&#xE1; como una regi&#xF3;n remota, uniforme y deshabilitada. En ella se viven las din&#xE1;micas globales, como el cambio clim&#xE1;tico y los auges en los mercados de los producto b&#xE1;sicos agr&#xED;colas y mineros, al tiempo con las din&#xE1;micas nacionales y locales.
En este libro se formula una visi&#xF3;n y diversas pol&#xED;ticas sobre la regi&#xF3;n amaz&#xF3;nica colombiana, que consideran las presiones que enfrenta, y la trascendencia de su conservaci&#xF3;n. La visi&#xF3;n integra sus caracter&#xED;sticas ecol&#xF3;gicas y sociales, al igual que las tendencias, oportunidades y tensiones. En las pol&#xED;ticas se destacan el ordenamiento territorial y ambiental, que tenga en cuenta la din&#xE1;mica en la frontera agropecuaria y el protagonismo de los pobladores ancestrales, as&#xED; como un decidido programa de conocimiento y educaci&#xF3;n. La conservaci&#xF3;n amaz&#xF3;nica exige esfuerzos econ&#xF3;micos nacionales y globales.</subfield>
  </datafield>
  <datafield tag="650" ind1="1" ind2="4">
    <subfield code="a">Pol&#xED;tica ambiental</subfield>
    <subfield code="9">15494</subfield>
    <subfield code="v">Congresos, conferencias,etc.</subfield>
    <subfield code="z">Amazonas (Regi&#xF3;n, Colombia)</subfield>
  </datafield>
  <datafield tag="650" ind1="2" ind2="4">
    <subfield code="a">Diversidad biol&#xF3;gica</subfield>
    <subfield code="z">Amazonas (Regi&#xF3;n, Colombia)</subfield>
    <subfield code="9">37618</subfield>
  </datafield>
  <datafield tag="942" ind1=" " ind2=" ">
    <subfield code="2">ddc</subfield>
    <subfield code="c">BK</subfield>
  </datafield>
  <datafield tag="999" ind1=" " ind2=" ">
    <subfield code="c">7799</subfield>
    <subfield code="d">7799</subfield>
  </datafield>
  <datafield tag="952" ind1=" " ind2=" ">
    <subfield code="0">0</subfield>
    <subfield code="1">0</subfield>
    <subfield code="2">ddc</subfield>
    <subfield code="4">0</subfield>
    <subfield code="7">0</subfield>
    <subfield code="8">NFIC</subfield>
    <subfield code="a">CPL</subfield>
    <subfield code="b">CPL</subfield>
    <subfield code="d">2018-04-15</subfield>
    <subfield code="e">Donaci&#xF3;n</subfield>
    <subfield code="o">339.95 / C399a</subfield>
    <subfield code="p">430000826</subfield>
    <subfield code="r">2024-05-16 00:00:00</subfield>
    <subfield code="t">Ej.1</subfield>
    <subfield code="y">BK</subfield>
  </datafield>
</record>
